书目信息 |
| 题名: |
游走新疆
|
|
| 作者: | 王玮 , 路琳 著 | |
| 分册: | ||
| 出版信息: | 北京 中国旅游出版社 2006 |
|
| 页数: | 240页 | |
| 开本: | 22cm | |
| 丛书名: | ||
| 单 册: | ||
| 中图分类: | K928.945 | |
| 科图分类: | ||
| 主题词: | 地理--中国 , 旅游指南--lu: you zhi nan--新疆维吾尔自治区 | |
| 电子资源: | ||
| ISBN: | 7-5032-2832-6 | |
| 000 | 00812nam0 2200265 450 | |
| 001 | CAL 012006093575 | |
| 005 | 20061120161416.29 | |
| 010 | @a7-5032-2832-6@dCNY 30.00 | |
| 099 | @aCAL 012006093575 | |
| 100 | @a20060420d2006 em y0chiy0120 ea | |
| 101 | 0 | @achi |
| 102 | @aCN@b110000 | |
| 105 | @aab z 000yy | |
| 200 | 1 | @a游走新疆@Ayou zou xin jiang@f路琳,王玮著@Flu lin,wang wei zhu |
| 210 | @a北京@c中国旅游出版社@d2006 | |
| 215 | @a240页@c图 (部分彩图), 地图@d22cm | |
| 330 | @a本书介绍了新疆的旅游景点、旅游路线、风味美食、风土人情等旅游知识。 | |
| 606 | 0 | @a地理@x中国 |
| 606 | 0 | @a旅游指南@Alu: you zhi nan@y新疆维吾尔自治区 |
| 690 | @aK928.945@v4 | |
| 701 | 0 | @a王玮@Awang wei@4著 |
| 701 | 0 | @a路琳@Alu lin@4著 |
| 801 | @aCN@c20061120 | |
| 905 | @a10447@dK928.945@eL878 | |
| 998 | @aFDU | |
| 游走新疆/路琳,王玮著.-北京:中国旅游出版社,2006 |
| 240页:图 (部分彩图), 地图;22cm |
| ISBN 7-5032-2832-6:CNY 30.00 |
| 本书介绍了新疆的旅游景点、旅游路线、风味美食、风土人情等旅游知识。 |
| ● |
| 相关链接 |
|
|
|
正题名:游走新疆
索取号:K928.945/L878
 
预约/预借
| 序号 | 登录号 | 条形码 | 馆藏地/架位号 | 状态 | 备注 |
| 1 | 610978 | 206109780 | 社科库309/309社科库 22排4列6层/ [索取号:K928.945/L878] | 在馆 | |
| 2 | 610979 | 206109799 | 社科库309/309社科库 22排4列6层/ [索取号:K928.945/L878] | 在馆 | |
| 3 | 610980 | 206109806 | 社科库309/309社科库 22排4列6层/ [索取号:K928.945/L878] | 在馆 |